Film di Quentin Tarantino per immagini - Morte improvvisa - Statistics

Statistiche generali
  • Questo quiz è stato fatto 404 volte
    235 dall'ultimo reset
  • Il punteggio medio è 6 su 8
Answers on the Grid
Answers color-coded by a green-red scale on the quiz's grid according to % correct below.
 
Statistiche sulle risposte
Risposta % Corretto
Kill Bill
90%
Django Unchained
87%
Pulp Fiction
79%
C'era una volta a... Hollywood
73%
Bastardi senza gloria
68%
Le iene
67%
The Hateful Eight
55%
Grindhouse - A prova di morte
31%
Nessun quiz corrispondente trovato
Distribuzione punteggi
Percentuale di utenti per punteggio
Percentile per numero di risposta
I tuoi punteggi nel tempo
Non hai fatto questo quiz dall'ultimo reset